000 00329nam a22001457a 4500
003 OSt
005 20220218095200.0
008 220218b |||||||| |||| 00| 0 eng d
020 _a8179924823
040 _cHU
082 _a658.812
100 _aMccoy
_930797
245 _aExtraordinary Customer Service
942 _2ddc
_cBOOKS
_n0
999 _c30745
_d30745